Archivo General de la Nación : Indice del ramo Clero Regular y Secular /
Guardado en:
| Formato: | Libro |
|---|---|
| Idioma: | Español |
| Publicado: |
México :
Archivo General de la Nación, Departamento de Publicaciones,
1978, c1978
|
| Colección: | (Guías y Catálogos AGN ;
22) |
| Temas: | |
| Etiquetas: |
Sin etiquetas, Sé el primero en etiquetar este registro!
|
MARC
| LEADER | 00000nam^a2200000^a^4500 | ||
|---|---|---|---|
| 001 | 000380609 | ||
| 005 | 20250623000000.0 | ||
| 009 | 20260310120610.051 | ||
| 037 | |a Acervo ITESO - Biblioteca | ||
| 041 | |a ESP | ||
| 082 | |a 972. |b AGN GUI V. 22 | ||
| 240 | 1 | 1 | |a [Archivo General de la Nación] |
| 245 | 1 | 0 | |a Archivo General de la Nación : |b Indice del ramo Clero Regular y Secular / |c AGN. |
| 246 | 2 | |a Título en la cubierta: Ramo Clero Regular y Secular | |
| 264 | 4 | |a México : |b Archivo General de la Nación, Departamento de Publicaciones, |c 1978, c1978 | |
| 300 | |a 244 h. | ||
| 336 | |a texto |b txt |2 rdacontenido | ||
| 337 | |a sin mediación |b n |2 rdamedio | ||
| 338 | |a volumen |b nc |2 rdasoporte | ||
| 440 | 1 | |a (Guías y Catálogos AGN ; |v 22) | |
| 649 | |a XX | ||
| 650 | |a Catálogos de Archivos - |z México (Ciudad) | ||
| 650 | |a Catálogos de Archivos - |z México | ||
| 650 | |a Archivo General de la Nación - |z México - |x Tema Principal | ||
| 650 | |a Archivos - |z México (Ciudad) | ||
| 650 | |a Archivos - |z México | ||
| 650 | |a Jesuitas en México - |x Historia - |y Epoca Colonial, 1517-1821 - |x Documentos - |x Tema Principal | ||
| 650 | |a Monasticismo y Ordenes Religiosas - |z México - |x Historia - |y Epoca Colonial, 1517-1821 - |x Documentos - |x Tema Principal | ||
| 650 | |a Iglesia Católica en México - |x Historia - |y Epoca Colonial, 1517-1821 - |x Documentos - |x Tema Principal | ||
| 650 | |a Iglesia y Estado - |z México - |x Historia - |y Epoca Colonial, 1517-1821 - |x Documentos | ||
| 650 | |a Política y Religión - |z México - |x Historia - |y Epoca Colonial, 1517-1821 - |x Documentos | ||
| 650 | |a México - |x Historia - |y Epoca Colonial, 1517-1821 - |x Documentos - |x Tema Principal | ||
| 650 | |a México - |x Historia - |x Documentos | ||
| 910 | |a Fondo General | ||
| 920 | |a Impresos - Libros | ||
| 930 | |a Colección General | ||
| 905 | |a 101 | ||
| 901 | |a 0500275468 |b IT1 |c ACC |i D78823 |u 20250623 | ||
| 902 | |a https://opac.biblio.iteso.mx/vufind/Record/000380609 | ||